00481nam a2200193 a 4500001001300000003000900013005001700022008004100039020001000080082001500090100001700105245002800122260004500150300000900195500003500204505001000239650002100249700001700270nice12345678IN_TiNIC20260116011606.0050524s1959 lona grp 000 0 eng  ac10000a297.4bLAN aLandaun, Rom aPhilosophy of Ibn Arabi aLondonbGeorge Allen and Unwin Ltdc1959 a121p aincludes index and biblioraphy2 aIndex aSufism-Ibn Arabi1 aLandaun, Rom